Quizzes
Events
Quiz Creation
Community
Videos
Private Events
Remove Ads
Sign In
Join for FREE
Feedback
Dark Mode
Quiz Categories
Sports
Geography
Music
Movies
Television
Just For Fun
Miscellaneous
History
Literature
Language
Science
Gaming
Entertainment
Religion
Holiday
For Kids
Quiz Lab
Recent
Popular Today
Quiz Kudos Today
Editor Picks
Curator Picks
Quizzes by...
Day
Popularity
Type
Ratings
Length
Year
Community
Subscriptions
Recent Discussions
Orange Saloon
Badges
Playlists
Quests
Create
Leaderboards
Showdown
Live 5
Trivia Bingo
Activity
Puzzle Library
Sporcle Events
Private Events
Virtual Trivia
Globe League
Become a Host
Pub Owners
SporcleCon
Opinionation
Our Games
Videos
Blog
Mobile Apps
Partnerships
Remove Ads and Go Orange
Feedback
Sports
Athletes
MLB
NBA
NHL
NFL
Soccer
Sports Teams
WWE
NCAA
Football
Premier League
Basketball
Baseball
Hockey
Golf
Tennis
Cricket
Rugby
Auto Racing
Olympics
World Cup
Sports
Athletes
MLB
NBA
NHL
NFL
Soccer
Sports Teams
WWE
NCAA
Football
Premier League
Basketball
Baseball
Hockey
Golf
Tennis
Cricket
Rugby
Auto Racing
Olympics
World Cup
Random Quiz
Search Sporcle
×
Quiz Lab
Quiz Lab
Sports
Type in answers that appear in a list
Type in answers that appear in a list
Classic
Best Score? Go Orange.
Men's College Soccer (Div. 1) Stats
Can you name the Men's Div. 1 College Soccer National Champions?
By
gallon33
5m
51 Questions
331 Plays
331 Plays
331 Plays
Comments
Comments
Give Quiz Kudos
Give Quiz Kudos
-
- Ratings
hide this ad
Replay
Link that replays current quiz
Next Quiz
Link to next quiz in quiz playlist
You Got
0%
They Got
Avg Score
49%
Avg Friend Score
Upgrade to see
Score Distribution
Jump to the score distribution portion of the page
Score
0/51
Timer
05:00
0
Plays Today
Year
Teams
% Correct
1985
UCLA
82.1%
1990
UCLA
82.1%
1997
UCLA
82.1%
2002
UCLA
82.1%
1968
Maryland
81.2%
1989
Santa Clara
78.7%
1986
Duke
78.4%
1991
Virginia
76%
1992
Virginia
76%
1993
Virginia
76%
1994
Virginia
76%
2009
Virginia
76%
2005
Maryland
74.8%
2008
Maryland
74.8%
1982
Indiana
71.7%
1983
Indiana
71.7%
1988
Indiana
71.7%
1998
Indiana
71.7%
1999
Indiana
71.7%
2003
Indiana
71.7%
2004
Indiana
71.7%
1967
Michigan St.
64.1%
2007
Wake Forest
63.8%
2001
UNC
60.5%
1984
Clemson
49.8%
1987
Clemson
49.8%
Year
Teams
% Correct
1995
Wisconsin
41.9%
1981
Uconn
41.3%
2000
Uconn
41.3%
1959
St. Louis
31.9%
1960
St. Louis
31.9%
1962
St. Louis
31.9%
1963
St. Louis
31.9%
1965
St. Louis
31.9%
1969
St. Louis
31.9%
1970
St. Louis
31.9%
1972
St. Louis
31.9%
1973
St. Louis
31.9%
1996
St. John's
31.3%
2006
UC Santa Barbara
21%
1966
San Francisco
20.7%
1975
San Francisco
20.7%
1976
San Francisco
20.7%
1978
San Francisco
20.7%
1980
San Francisco
20.7%
1964
Navy
18.8%
1971
Howard
11.6%
1974
Howard
11.6%
1977
Hartwick
7.6%
1961
West Chester
7%
1979
SIU-Edwardsville
5.8%
Quiz Playlist
Details
Report
Send in Message
Add To Playlist
Classic:
Type in answers that appear in a list
Quiz Source
Last Updated: Feb 16, 2017
Quiz Scoreboard
CHALLENGE
Sign Up to Join the Scoreboard
Show All
Scores
Hide
Comments
May contain spoilers
Recently Published
Presidents Visiting Landmarks
by Hejman
History
7m
An Introduction to Baseball
by treessimontrees
Sports
5m
Movies - When Are They Set?
by FPL_Elf
Movies
5m
More to Explore
Quiz From the Vault
Featured Blog Post
Where Did the Easter Bunny Come From?
hide this ad
You Might Also Like...
Tags
This quiz does not have any tags.
Today's Top Quizzes in Sports
Browse Sports
hide this ad
Top Contributed Quizzes in Sports
1
Les meilleurs buteurs des matchs entre le PSG et l’OM
2
2022 World Cup Stars
3
FIFA Club World Cup Champions
4
Les entraîneurs de l'OM et du PSG au 21e siècle
5
Name the Premier League winners with different clubs
6
La finale Lions - Afrique du Sud 2021
7
5-to-1: UK Sports Teams
8
England Test cricketers to play under Nasser Hussain
9
Players with Multiple 50 Home Run Seasons
10
AFC Teams Reveal (Wrong Answers Minefield)
Explore More
Trending Topics
Anime
Harry Potter
Kpop
NBA
Disney
Crossword
Marvel
NFL
WWE
Soccer
Puzzle
The Office
Pokémon
Country
Song
hide this ad
More By:
gallon33
Quiz
Plays
Rating
Category
Featured
Created
College baseball
788
3.50
Sports
Mar 11, 2010
Men's College Soccer (Div. 1)
331
4.33
Sports
Mar 11, 2010
Go to Creator's Profile
Score Distribution
Quiz Creator Spotlight
gallon33
Follow
Send a Message
Quizzes Created
-
Created Quiz Play Count
-
More By This Creator
Popular Quizzes Today
1
Find the US States - No Outlines Minefield
2
Find the Countries of Europe - No Outlines Minefield
3
The Countries of the World
4
Find the US States
5
Popular People in 1961
6
US States
7
Risky Map Clicking: Biggest States A-Z
8
Movies - When Are They Set?
More Sports Quizzes
MLB players with 45 home runs in a season , 1950s/60s
Quiz Lab
Trending Quizzes
Risky Map Clicking: Least Populous States A-Z
1-10 Letter G Words
1-10 Letter F Words
Risky Map Clicking: Next State Alphabetically
Risky Map Clicking: Biggest States A-Z
Recently Updated
Leaping Animals
pecheneg
Reality TV Shows (A-Z)
bhenderson79
Rickey Henderson's Hall of Fame Teammates
pecheneg
Champions League XIs: Arsenal
pecheneg
Quick Pick: Celebrities in WWE's Hall of Fame
aduchscher
A-Z Keypad Blitz II
pecheneg
Multiple Oscar Actors
pecheneg
Mystery Phrase Blitz: Oscar 'Best Actors'
pecheneg
F. Scott Fitzgerald Novels
LTH
Pick 3 Villains
ddd62291
Trending Topics
Disney
Anime
Kpop
Harry Potter
NBA
Marvel
Crossword
Song
Country
Soccer
Puzzle
The Office
WWE
Pokémon
NFL
Your Account Isn't Verified!
In order to create a playlist on Sporcle, you need to verify the email address you used during registration. Go to your
Sporcle Settings
to finish the process.
Report this User
Report this user for behavior that violates our
Community Guidelines
.
Details:
Send Report
Go to the Sporcle.com Mobile Site →
Comments